00665 2200193 4500001002100000008004100021035002000062245014200082100006100224260002900285300003100314020002200345084001600367520002800383082001000411650002600421990001200447990001200459INLIS000000000015070 ind  a0010-1222000149 aBuku Pintar Pergudangan: Praktek Penerimaan Barang Di Pergudangan (Inbound) Seri 2cWynd Rizaldy, raden Didiet Rachmat Hidayat, Widiyanto aWYND, Rizaldy; RADEN, Didiet ;RACHMAT, Hidayat;WIDIYANTO aBogor :bIn Media,c2020 avi, 90 hlm.: ilus.c21 cm. a978-602-6469-96-0 a658.7 WYN b aBibliografi.: 87-88 hlm a658.7 aMANAJEMEN.PERGUDANGAN a10159 a a10159 b